Library Banner

Data clustering (Record no. 76201)

MARC details
000 -LEADER
fixed length control field 00529nam a2200193Ia 4500
001 - CONTROL NUMBER
control field 68622
008 - FIXED-LENGTH DATA ELEMENTS--GENERAL INFORMATION
fixed length control field 150918s9999 xx 000 0 und d
020 ## - INTERNATIONAL STANDARD BOOK NUMBER
International Standard Book Number 9781466558212
040 ## - CATALOGING SOURCE
Transcribing agency PK-LaUMT
082 ## - DEWEY DECIMAL CLASSIFICATION NUMBER
Classification number 519.535
Item number DAT-
100 ## - MAIN ENTRY--PERSONAL NAME
Personal name Aggarwal, Charu C.
245 ## - TITLE STATEMENT
Title Data clustering
Remainder of title algorithms and applications
Statement of responsibility, etc Aggarwal, Charu C.|Reddy, Chandan K.
260 ## - PUBLICATION, DISTRIBUTION, ETC. (IMPRINT)
Place of publication, distribution, etc Boca Raton,USA:
Name of publisher, distributor, etc CRC Press,
Date of publication, distribution, etc 2014
300 ## - PHYSICAL DESCRIPTION
Extent 622 p.
546 ## - LANGUAGE NOTE
Language note EN
650 ## - SUBJECT ADDED ENTRY--TOPICAL TERM
Topical term or geographic name as entry element Dddocument clustering
700 ## - ADDED ENTRY--PERSONAL NAME
Personal name Reddy, Chandan K.
942 ## - ADDED ENTRY ELEMENTS (KOHA)
Koha item type Books
Holdings
Withdrawn status Lost status Damaged status Not for loan Home library Current library Date acquired Total Checkouts Full call number Barcode Date last seen Price effective from Koha item type
        UMT Main Campus UMT Main Campus 2015-09-18   519.535 DAT- 94352 2015-09-18 2015-09-18 Books